000 00621cam a22002171 4500
001 sa 66006932
003 DLC
005 20260227112300.0
008 890619s1966 ii 000 0 maro
010 _asa 66006932
035 _a(OCoLC)19894636
040 _aDLC
_cWaU
_dDLC
042 _apremarc
050 0 0 _aBL1146.E4
_bE48
100 1 _aTulpule, Ganesh Vishnu,
_d1890-
245 1 0 _aEkanāthī Bhāgavatāntīla pāramārthika śikavaṇa.
260 _c[1966]
300 _a11, 257 p.
_c18 cm.
500 _aIn Marathi.
600 0 0 _aEkanātha,
_dapproximately 1548-approximately 1609.
_tEkanāthī Bhāgavata.
999 _c70809
_d70809